| 000 | 01143cam a22003257a 4500 | ||
|---|---|---|---|
| 003 | CHAP | ||
| 005 | 20220329142952.0 | ||
| 008 | 050516d2004 mx r 00110 spa d | ||
| 010 | _a90264 | ||
| 011 | _a91236 | ||
| 020 | _a9701336526 | ||
| 035 | _a101794 | ||
| 040 | _cCHAP | ||
| 082 | 0 | 4 |
_a362.29 _bI5 |
| 110 | 2 |
_aInstituto Nacional de Estadística, Geografía e Informática. México _959304 |
|
| 245 | 1 | 0 |
_aEncuesta nacional de adicciones : _b2002 _c/por Instituto Nacional de Estadística, Geografía e Informática |
| 260 |
_aAguascalientes, Ags. : _bInstituto Nacional de Estadística, Geografía e Informática. _c2004. |
||
| 300 |
_a98 p. : _banexo |
||
| 590 |
_aBATCH-UPD _b10 _c20130110 _lUCH01 _h0446 |
||
| 590 |
_aBATCH-UPD _b10 _c20130410 _lUCH01 _h0123 |
||
| 590 |
_aBATCH-UPD _b10 _c20130914 _lUCH01 _h1222 |
||
| 590 |
_aCONVERSION _b10 _c20130109 _lUCH01 _h1350 |
||
| 650 | 1 | 4 |
_aDrogadicción _xEstadísticas. _934243 |
| 650 | 1 | 4 |
_aDrogas. _934244 |
| 650 | 1 | 4 |
_aSalud pública _zMéxico. _9101844 |
| 901 | _aBK | ||
| 905 | _aLilia | ||
| 942 | _cLIBRO | ||
| 949 |
_a362.29 I5 _bBC _cINEGI _d33724000949350 _eINEGI _h105640 _i101794 _sb |
||
| 999 |
_c90264 _d90264 |
||